Guía abreviada del Museo Romántico Provincial / por Alberto del Castillo... ; con la colaboración de Manuel Riu y Teresa Basora
Descripción Física:
131 p., [24] p. de làm. : il., fot. ; 22 cm
MARC
| LEADER | 00000nam a2200000Ia 4500 | ||
|---|---|---|---|
| 001 | 11301 | ||
| 008 | 160829s1968 xx 000 0 cat d | ||
| 080 | |a B-1-336 | ||
| 100 | 1 | |a Castillo, Alberto del, |d 1899-1976 |9 29407 | |
| 245 | |a Guía abreviada del Museo Romántico Provincial / por Alberto del Castillo... ; con la colaboración de Manuel Riu y Teresa Basora | ||
| 260 | |a Barcelona : |b Diputación Provincial de Barcelona, |c 1968 | ||
| 300 | |a 131 p., [24] p. de làm. : |b il., fot. ; |c 22 cm | ||
| 590 | |a Textos en castellà, francès i anglès. | ||
| 590 | |a Hi ha un duplicat: DUP-41 | ||
| 650 | |a Museu Romàntic Províncial |x Guies |9 32181 | ||
| 650 | |a Museus |x Catalunya |x Guies |9 49099 | ||
| 700 | |a Riu i Riu, Manuel |9 35773 | ||
| 700 | |a Basora Sugrañes, Teresa |9 33680 | ||
| 710 | 1 | |a Barcelona (Catalunya : Província). |b Diputació |9 52408 | |
| 901 | |a Arxiu | ||
| 942 | |n 1 | ||
| 952 | |0 0 |1 0 |4 0 |6 B1336 |7 1 |9 47271 |a Arxiu |b Arxiu |d 2016-12-01 |l 0 |o B-1-336 |p 11301 |r 2016-12-01 00:00:00 |w 2016-12-01 |y ARXIU | ||
| 999 | |c 51068 |d 51068 | ||